[Event "Wuerttemberg candidate op"]
[Site "Oeffingen"]
[Date "2002.08.26"]
[Round "3"]
[White "Rieder, Josef"]
[Black "Wolf, Rainer"]
[Result "1-0"]
[WhiteElo "2011"]
[BlackElo "2058"]
[PlyCount "120"]
[EventDate "2002.??.??"]
[EventType "swiss"]
[EventRounds "9"]
[EventCountry "GER"]
[SourceTitle "EXT 2004"]
[Source "ChessBase"]
[SourceDate "2003.11.25"]
[SourceVersion "1"]
[SourceVersionDate "2003.11.25"]
[SourceQuality "1"]

1. e4 d5 2. exd5 Qxd5 3. Nc3 Qd8 4. d4 Nf6 5. Bf4 e6 6. Nf3 Be7 7. Bc4 c6 8. Qe2 Nbd7 9. 0-0 0-0 10. a3 Nb6 11. Bb3 Nbd5 12. Nxd5 exd5 13. h3 Ne4 14. Nd2 Ng5 15. Rfe1 Bd6 16. Bxd6 Qxd6 17. Qe5 Qg6 18. Qg3 Bf5 19. h4 Ne6 20. Qxg6 Bxg6 21. c3 Rfe8 22. Nf3 f6 23. g3 Nc7 24. Rxe8+ Rxe8 25. Re1 Kf8 26. Re3 Rxe3 27. fxe3 Ke7 28. Kf2 Kd6 29. Ke1 b6 30. Kd2 Be4 31. Ne1 h6 32. Bc2 Bxc2 33. Kxc2 c5 34. b3 Ne6 35. Nd3 g5 36. hxg5 Nxg5 37. g4 Ne4 38. c4 cxd4 39. exd4 Ng3 40. Nf4 dxc4 41. bxc4 Nf1 42. Ng2 Ke6 43. Kd3 Nh2 44. Ne3 Nf3 45. Nf5 Ne1+ 46. Ke4 Nc2 47. a4 Nb4 48. Nxh6 a5 49. Nf5 Na2 50. d5+ Kd7 51. Kd4 Nb4 52. c5 bxc5+ 53. Kxc5 Nd3+ 54. Kb5 Nf4 55. Ne3 Kd6 56. Kxa5 Kc5 57. Ka6 Kb4 58. Kb6 Kxa4 59. Kc7 Kb5 60. d6 Kc5 1-0